| 000 | 00539nam a2200157 i 4500 | ||
|---|---|---|---|
| 001 | 39951 | ||
| 003 | ES-MaACL | ||
| 005 | 20230906160116.0 | ||
| 007 | t| | ||
| 008 | 030304s1918 sp ||||1| spa d | ||
| 100 | 1 |
_aCarro Garcia, Santiago. _935829 |
|
| 245 | 1 | 0 |
_aTratamiento fisioterápico de la úlcera de estómago _b: conferencia leída en el Instituto Rubio... / _cSantiago Carro García. |
| 260 |
_aMadrid : _b[s.n., _c1918] ( _fEst. Tip. de Antonio Marzo) |
||
| 710 | 1 |
_aInstituto Rubio (Madrid) _95229 |
|
| 852 |
_aES-MaACL _j1488-F-9 |
||
| 999 |
_c39951 _d39951 |
||